Agricultura del pequeño campesino, medio ambiente y recursos en Latinoamerica: caso de Honduras /
Guardado en:
| Autor principal: | |
|---|---|
| Formato: | Texto |
| Materias: | |
| Etiquetas: |
Agregar Etiqueta
Sin Etiquetas, Sea el primero en etiquetar este registro!
|
MARC
| LEADER | 00000 a a2200000 04500 | ||
|---|---|---|---|
| 001 | 14310 | ||
| 003 | |||
| 040 | |||
| 100 | |a Maldonado Polit, César | ||
| 245 | |a Agricultura del pequeño campesino, medio ambiente y recursos en Latinoamerica: |b caso de Honduras / |c César Maldonado Polit | ||
| 650 | |a PRODUCCION AGROPECUARIA | ||
| 650 | |a DESARROLLO ECONOMICO | ||
| 650 | |a POTENCIAL DE LA TIERRA | ||
| 650 | |a DEFORESTACION | ||
| 650 | |a EXPLOTACION DE RECURSOS | ||
| 650 | |a DEGRADACION DE SUELOS | ||
| 650 | |a DETERIORO AMBIENTAL | ||
| 650 | |a DESARROLLO FORESTAL | ||
| 650 | |a DESARROLLO SOSTENIBLE | ||
| 650 | |a PROPIEDAD DE LA TIERRA | ||
| 650 | |a USO DE LA TIERRA | ||
| 773 | |g volumen 5, número 55 -56; páginas 139-165 | ||
| 999 | |c 35335 |d 35335 | ||
